000 00438nam a2200181Ia 4500
001 24010
005 20260414151015.0
008 260414t2014||||xx |||||||||||||| ||spa||
041 _aESP
082 _a750
_bP26
100 _aParramón Paidotribo
_eAUT
245 0 _aGuía completa de materiales y técnicas
_b
260 _c2014
300 _a239 páginas :
_c28 cm.
650 _aABD
654 _aCAU
942 _cLIB
_dJUS
_fJUS
_2ddc
_n
999 _c24010
_d24010